[Event "TU Dresden - Uni Bamberg"]
[Site "Augsburg"]
[Date "2009.10.08"]
[Round "1.1"]
[White "Heinz, Axel"]
[Black "Loxine, Iakov"]
[Result "1/2-1/2"]
[WhiteElo "2436"]
[BlackElo "2365"]
[PlyCount "67"]
[EventDate "2009.10.08"]

1. e4 c5 2. Nf3 Nc6 3. Bb5 e6 4. Bxc6 bxc6 5. d3 Ne7 6. Ng5 f6 7. Nh3 g6 8. f4
Bg7 9. O-O O-O 10. Nc3 d6 11. Be3 Ba6 12. Qd2 Rb8 13. Rab1 Qa5 14. Rfe1 Kh8 15.
a3 Qc7 16. Kh1 c4 17. dxc4 Bxc4 18. e5 dxe5 19. fxe5 Nf5 20. exf6 Bxf6 21. Bg5
Bg7 22. b3 Bd5 23. Nf4 Rfe8 24. Ncxd5 exd5 25. Ne6 Qf7 26. Nxg7 Qxg7 27. Bf4
Rbd8 28. Qd3 Kg8 29. Rbd1 Qf6 30. Qd2 Rc8 31. Qb4 Qh4 32. Qd2 Qf6 33. Qb4 Qh4
34. Qd2 1/2-1/2

[Event "TU Dresden - Uni Bamberg"]
[Site "Augsburg"]
[Date "2009.10.08"]
[Round "1.2"]
[White "Zwahr, Paul"]
[Black "Stich, Christopher"]
[Result "1-0"]
[WhiteElo "2275"]
[BlackElo "1973"]
[PlyCount "61"]
[EventDate "2009.10.08"]

1. e4 g6 2. d4 Bg7 3. Nc3 d6 4. f4 e5 5. dxe5 dxe5 6. Qxd8+ Kxd8 7. fxe5 Bxe5
8. Nf3 Bxc3+ 9. bxc3 Be6 10. Ng5 Nd7 11. Nxe6+ fxe6 12. Bg5+ Ne7 13. O-O-O Ke8
14. Bc4 h6 15. Be3 Nc6 16. Bxe6 Nde5 17. Bf4 Ke7 18. Bb3 g5 19. Bg3 Rae8 20. h4
Kf6 21. Rdf1+ Kg6 22. Rf5 Rhf8 23. Be6 Rf6 24. Rxf6+ Kxf6 25. Bf5 Re7 26. hxg5+
hxg5 27. Bf2 Nc4 28. Rh6+ Kf7 29. Bc5 Re5 30. Bd4 Ra5 31. Be6+ 1-0

[Event "TU Dresden - Uni Bamberg"]
[Site "Augsburg"]
[Date "2009.10.08"]
[Round "1.3"]
[White "Bandau, Frank"]
[Black "Siedentopf, Daniel"]
[Result "0-1"]
[WhiteElo "1718"]
[BlackElo "2227"]
[PlyCount "56"]
[EventDate "2009.10.08"]

1. e4 e6 2. d4 d5 3. Nc3 Bb4 4. e5 c5 5. a3 Bxc3+ 6. bxc3 Ne7 7. Qg4 O-O 8. Bd3
Nbc6 9. Nf3 f5 10. exf6 Rxf6 11. Qh5 h6 12. O-O c4 13. Be2 Bd7 14. Ne5 Nxe5 15.
Qxe5 Nc6 16. Qg3 Be8 17. a4 Bg6 18. Bd1 Qa5 19. Bf4 Be4 20. Bc7 b6 21. Qe3 Rf7
22. Bd6 Rd8 23. Qg3 Rf6 24. Bh5 Bxc2 25. Bf4 Bd3 26. Rfe1 Qxc3 27. Be2 Nxd4 28.
Be5 Qxa1 0-1

[Event "TU Dresden - Uni Bamberg"]
[Site "Augsburg"]
[Date "2009.10.08"]
[Round "1.4"]
[White "Zimmermann, Rene"]
[Black "Ortiz, Andre"]
[Result "1-0"]
[WhiteElo "2044"]
[BlackElo "1608"]
[PlyCount "45"]
[EventDate "2009.10.08"]

1. d4 d6 2. c4 Nf6 3. Nc3 g6 4. e4 Bg7 5. f3 c6 6. Be3 O-O 7. Qd2 e5 8. d5 c5
9. Bd3 Nbd7 10. Nh3 Nb6 11. Nf2 Ne8 12. h4 f5 13. Bg5 Qd7 14. a4 a5 15. h5 fxe4
16. Nfxe4 Nf6 17. Nxf6+ Bxf6 18. hxg6 hxg6 19. Rh6 Bxg5 20. Rxg6+ Kf7 21. Qxg5
Ke8 22. Rg7 Qd8 23. Bg6+ 1-0

[Event "Augusta Vindelicorum - Uni Muenster 1"]
[Site "Augsburg"]
[Date "2009.10.08"]
[Round "1.1"]
[White "Ratkovitch, Dimitri"]
[Black "Pitl, Gregory"]
[Result "0-1"]
[WhiteElo "2088"]
[BlackElo "2405"]
[PlyCount "80"]
[EventDate "2009.10.08"]

1. e4 d5 2. exd5 Qxd5 3. Nc3 Qd6 4. d4 Nf6 5. h3 a6 6. Nf3 Nc6 7. a3 Bf5 8. Bd3
Bxd3 9. Qxd3 g6 10. O-O Bg7 11. d5 Ne5 12. Nxe5 Qxe5 13. Qc4 O-O 14. Bf4 Qf5
15. Rac1 Rac8 16. Bh2 Rfd8 17. Rfd1 h5 18. Qd3 Rd7 19. Qxf5 gxf5 20. Be5 Rcd8
21. Bxf6 Bxf6 22. Rd3 e6 23. dxe6 Rxd3 24. exf7+ Kxf7 25. cxd3 Rxd3 26. Na4 Rd7
27. Kf1 b6 28. Rc2 Be5 29. Ke2 Ke6 30. Nc3 Rd4 31. Rd2 Rc4 32. Rd3 b5 33. g3 c5
34. f4 Bxc3 35. Rxc3 Rxc3 36. bxc3 Kd5 37. Kf3 a5 38. g4 hxg4+ 39. hxg4 fxg4+
40. Kxg4 b4 0-1

[Event "Augusta Vindelicorum - Uni Muenster 1"]
[Site "Augsburg"]
[Date "2009.10.08"]
[Round "1.2"]
[White "Grimberg, Boris"]
[Black "Rehfeldt, Frank"]
[Result "1-0"]
[WhiteElo "2401"]
[BlackElo "2082"]
[PlyCount "69"]
[EventDate "2009.10.08"]

1. e4 c6 2. Nf3 d5 3. exd5 cxd5 4. Ne5 Nf6 5. d4 e6 6. Bd3 Be7 7. O-O O-O 8. c3
a6 9. Nd2 b5 10. f4 Bb7 11. Qf3 g6 12. g4 Nbd7 13. Re1 Nxe5 14. fxe5 Ne8 15.
Nb3 b4 16. Bh6 Ng7 17. cxb4 f6 18. exf6 Rxf6 19. Qe3 Bxb4 20. Rec1 Qd7 21. Qe5
Ne8 22. Nc5 Bxc5 23. Rxc5 Rc8 24. Rxc8 Bxc8 25. Rc1 Qb7 26. b4 Bd7 27. a3 Qb6
28. Rc5 Rf3 29. Qe2 Rh3 30. Bf4 Bb5 31. Bxb5 axb5 32. Bg3 h5 33. Kg2 hxg4 34.
Qxg4 Rh6 35. Rc8 1-0

[Event "Augusta Vindelicorum - Uni Muenster 1"]
[Site "Augsburg"]
[Date "2009.10.08"]
[Round "1.3"]
[White "Herud, Martin"]
[Black "Billing, Christian"]
[Result "0-1"]
[WhiteElo "2023"]
[BlackElo "2226"]
[PlyCount "54"]
[EventDate "2009.10.08"]

1. e4 e5 2. f4 exf4 3. Bc4 d6 4. Nf3 Nc6 5. d4 Bg4 6. Bxf4 Bxf3 7. gxf3 Qh4+ 8.
Bg3 Qg5 9. Nc3 Nf6 10. f4 Qg6 11. e5 Nh5 12. f5 Qg5 13. Qf3 O-O-O 14. Ne4 Qh6
15. Be2 Nxg3 16. Qxg3 Nxd4 17. Ng5 Nxe2 18. Kxe2 Qh5+ 19. Nf3 dxe5 20. Qg5 Qxg5
21. Nxg5 Rd7 22. Rad1 Bd6 23. Rhg1 g6 24. f6 e4 25. Rg4 h6 26. Rh4 Re8 27. Nxe4
g5 0-1

[Event "Augusta Vindelicorum - Uni Muenster 1"]
[Site "Augsburg"]
[Date "2009.10.08"]
[Round "1.4"]
[White "Nuber, Korbinian"]
[Black "Stopka, Tobias"]
[Result "1-0"]
[WhiteElo "2185"]
[BlackElo "1892"]
[PlyCount "109"]
[EventDate "2009.10.08"]

1. e4 e6 2. d4 d5 3. Bd3 c5 4. exd5 exd5 5. dxc5 Bxc5 6. Nf3 Nf6 7. O-O O-O 8.
Nc3 Nc6 9. Bg5 Be6 10. Re1 h6 11. Bh4 Be7 12. Nb5 Re8 13. Nbd4 Bg4 14. Nf5 Bxf5
15. Bxf5 Qb6 16. Qd2 Ne4 17. Bxe4 dxe4 18. Rxe4 Bxh4 19. Rxh4 Qxb2 20. Qc1
Qxc1+ 21. Rxc1 Rad8 22. Kf1 Ne5 23. Ne1 b6 24. Ra4 Re7 25. Re4 Kf8 26. Nd3 Nxd3
27. cxd3 Red7 28. Ra4 Rxd3 29. Rxa7 R8d7 30. Ra6 Rd2 31. Re1 g6 32. g3 Rb2 33.
Re3 Rdd2 34. Rf3 Rxa2 35. Rxb6 Rab2 36. Rbf6 Rd7 37. Rxg6 h5 38. Rh6 Rb5 39.
Kg2 Kg7 40. Rhf6 Rg5 41. Kh3 Rg6 42. R6f5 Rh6 43. R3f4 f6 44. Kh4 Rd8 45. h3
Rdh8 46. Ra5 Kg6 47. Ra6 Rf8 48. Ra5 Rf7 49. Rff5 Rfh7 50. f4 Rh8 51. Rfb5 R6h7
52. Rc5 Rb8 53. Rxh5 Rc7 54. f5+ Kg7 55. Ra4 1-0

[Event "Uni Muenster 2 - Uni Leipzig"]
[Site "Augsburg"]
[Date "2009.10.08"]
[Round "1.1"]
[White "Schoeneberg, Manfred"]
[Black "Webner, Dennis"]
[Result "1-0"]
[WhiteElo "2298"]
[BlackElo "2048"]
[PlyCount "63"]
[EventDate "2009.10.08"]

1. e4 d5 2. exd5 Nf6 3. d4 Nxd5 4. Be2 Bf5 5. Nf3 e6 6. c4 Nb4 7. Na3 Be7 8.
O-O O-O 9. Bd2 N8c6 10. Bc3 Bf6 11. Qd2 Qe7 12. c5 Nd5 13. Nc4 Rad8 14. Rad1
Be4 15. Rfe1 b6 16. cxb6 axb6 17. Qc1 b5 18. Nce5 Bxe5 19. Nxe5 Nxe5 20. dxe5
b4 21. Bd4 f6 22. exf6 Nxf6 23. Bc5 Qf7 24. Bxf8 Rxf8 25. f3 Bd5 26. Bc4 Qg6
27. Rxe6 Bxe6 28. Bxe6+ Kh8 29. Qxc7 Ne8 30. Qe7 Rxf3 31. Re1 Rf6 32. Bf7 1-0

[Event "Uni Muenster 2 - Uni Leipzig"]
[Site "Augsburg"]
[Date "2009.10.08"]
[Round "1.2"]
[White "Wolffgang, Georg"]
[Black "Schindler, Christian"]
[Result "0-1"]
[WhiteElo "1828"]
[BlackElo "2152"]
[PlyCount "68"]
[EventDate "2009.10.08"]

1. d4 Nf6 2. Nf3 c5 3. c3 d5 4. Bg5 e6 5. e3 Be7 6. Bd3 h6 7. Bf4 Nc6 8. h3 Bd6
9. Ne5 Qc7 10. Bb5 Bd7 11. Nxd7 Nxd7 12. Bxd6 Qxd6 13. Nd2 O-O 14. O-O a6 15.
Bd3 b5 16. Rc1 Rab8 17. dxc5 Nxc5 18. Bb1 f5 19. Nf3 Ne4 20. b3 Na5 21. Qd4
Rfc8 22. Bxe4 fxe4 23. Qe5 Rb6 24. Qxd6 Rxd6 25. Nd4 Nc6 26. Rfd1 Ne5 27. Rc2
Kf7 28. f4 Nd3 29. a4 bxa4 30. bxa4 Rb6 31. Nf3 Rb3 32. Ne5+ Nxe5 33. fxe5
Rcxc3 34. Rf2+ Kg6 0-1

[Event "Uni Muenster 2 - Uni Leipzig"]
[Site "Augsburg"]
[Date "2009.10.08"]
[Round "1.3"]
[White "Beltz, Franziska"]
[Black "Braun, Oskar"]
[Result "1/2-1/2"]
[WhiteElo "2148"]
[BlackElo "1691"]
[PlyCount "64"]
[EventDate "2009.10.08"]

1. e4 d5 2. exd5 Qxd5 3. Nc3 Qa5 4. d4 Nf6 5. Bc4 c6 6. Nf3 Bf5 7. Bd2 e6 8.
Qe2 Bb4 9. O-O-O Nbd7 10. a3 Bxc3 11. Bxc3 Qc7 12. Ne5 Nxe5 13. dxe5 Nd5 14.
Bd2 O-O-O 15. g4 Bg6 16. f4 h5 17. h3 b5 18. Bb3 Nb6 19. Qf3 h4 20. Ba5 Kb7 21.
Rxd8 Rxd8 22. f5 exf5 23. gxf5 Bh7 24. Qh5 Bg8 25. Re1 Qe7 26. Bd2 Qd7 27. Bg5
Qxf5 28. Qxh4 Re8 29. Be7 c5 30. Bxc5 Rxe5 31. Rxe5 Qxe5 32. Bd4 Qe2 1/2-1/2

[Event "Uni Muenster 2 - Uni Leipzig"]
[Site "Augsburg"]
[Date "2009.10.08"]
[Round "1.4"]
[White "Kutter, Andreas"]
[Black "Pruefer, Friedbert"]
[Result "0-1"]
[WhiteElo "1574"]
[BlackElo "2073"]
[PlyCount "74"]
[EventDate "2009.10.08"]

1. e4 d6 2. Nf3 g6 3. d4 Nf6 4. Bd3 Bg7 5. c3 O-O 6. Bg5 Nbd7 7. O-O e5 8. Nbd2
b6 9. Nb3 Bb7 10. Re1 Re8 11. Qc2 Nf8 12. Rad1 Qc8 13. Bh4 Nh5 14. Bc4 Ne6 15.
h3 h6 16. Bxe6 Qxe6 17. d5 Qd7 18. Nh2 Rf8 19. Nc1 Rae8 20. Nd3 f5 21. f3 Bf6
22. Bf2 fxe4 23. fxe4 Qe7 24. Be3 Bg5 25. Qd2 Nf4 26. Nf3 Nxh3+ 27. Kh2 Bxe3
28. Qxe3 Nf4 29. g3 Nxd3 30. Rxd3 g5 31. Kg2 Bc8 32. Rh1 Qf6 33. Nh2 Rf7 34.
Rdd1 Ref8 35. Rdf1 Qg6 36. Qe2 h5 37. Nf3 Bg4 0-1

[Event "Augusta Vindelicum - Uni Karlsruhe 1"]
[Site "Augsburg"]
[Date "2009.10.08"]
[Round "1.1"]
[White "Strohhaeker, Raoul"]
[Black "Sargin, Anatol"]
[Result "1-0"]
[WhiteElo "2443"]
[BlackElo "2179"]
[PlyCount "63"]
[EventDate "2009.10.08"]

1. e4 e6 2. d4 d5 3. e5 c5 4. c3 Qb6 5. Nf3 Nc6 6. a3 Nh6 7. b4 cxd4 8. cxd4
Nf5 9. Be3 Be7 10. Bd3 O-O 11. O-O f6 12. b5 Nd8 13. exf6 Bxf6 14. Nc3 Nxe3 15.
fxe3 Nf7 16. Qc2 g6 17. h4 Nd6 18. Bxg6 Qc7 19. Nxd5 Qg7 20. Nxf6+ Rxf6 21. Bd3
Nf5 22. Bxf5 exf5 23. e4 fxe4 24. Qxe4 Bf5 25. Qe5 Kh8 26. Ng5 Raf8 27. Rac1 h6
28. Rxf5 Rxf5 29. Qxg7+ Kxg7 30. Ne6+ Kf7 31. Nxf8 Kxf8 32. Rf1 1-0

[Event "Augusta Vindelicum - Uni Karlsruhe 1"]
[Site "Augsburg"]
[Date "2009.10.08"]
[Round "1.2"]
[White "Demel, Paul"]
[Black "Wehner, Roland"]
[Result "0-1"]
[WhiteElo "2147"]
[BlackElo "2243"]
[PlyCount "60"]
[EventDate "2009.10.08"]

1. Nf3 f5 2. c4 Nf6 3. g3 g6 4. Bg2 Bg7 5. Nc3 d6 6. d4 O-O 7. O-O Qe8 8. d5
Na6 9. Rb1 c6 10. b4 Bd7 11. Qb3 Kh8 12. Ba3 Rc8 13. e3 cxd5 14. cxd5 Ne4 15.
Nxe4 Ba4 16. Nxd6 exd6 17. Qd3 Rc3 18. Qd2 Rxa3 19. Nd4 Bb5 20. Ne6 Bxf1 21.
Bxf1 Rf7 22. Rc1 h6 23. Rc4 Ra4 24. Qc2 Kh7 25. Rc8 Rxa2 26. Qc4 b5 27. Qc6
Qxc6 28. dxc6 Rc2 29. Bxb5 Nxb4 30. Nd8 Rf8 0-1

[Event "Augusta Vindelicum - Uni Karlsruhe 1"]
[Site "Augsburg"]
[Date "2009.10.08"]
[Round "1.3"]
[White "Hauser, Carlos"]
[Black "Steffen, Kevin"]
[Result "1/2-1/2"]
[WhiteElo "2206"]
[BlackElo "2137"]
[PlyCount "88"]
[EventDate "2009.10.08"]

1. d4 Nf6 2. c4 e6 3. Nc3 Bb4 4. Qc2 c5 5. dxc5 O-O 6. a3 Bxc5 7. Nf3 d5 8. Bg5
dxc4 9. e3 Be7 10. Bxc4 a6 11. O-O b5 12. Rfd1 Qc7 13. Bd3 h6 14. Bf4 Qb6 15.
Rac1 Bb7 16. Ne4 Nc6 17. Nd6 Bxd6 18. Bxd6 Rfc8 19. Bc5 Qc7 20. b4 Ne5 21. Nxe5
Qxe5 22. f3 Qg5 23. Qf2 Nd5 24. Qg3 Qxg3 25. hxg3 Nf6 26. Be2 Rd8 27. e4 Rd7
28. Kf2 Rad8 29. Ke3 Rxd1 30. Bxd1 Nd7 31. Bd4 Rc8 32. Ra1 e5 33. Bb2 Nb6 34.
Bb3 Nc4+ 35. Bxc4 Rxc4 36. Bxe5 Rc2 37. Rd1 f6 38. Rd8+ Kh7 39. Bd4 Rxg2 40.
Rb8 Bc6 41. Rb6 Be8 42. g4 h5 43. gxh5 Bxh5 44. Rxa6 Rg3 1/2-1/2

[Event "Uni Karlsruhe 2 - Uni Augsburg 3"]
[Site "Augsburg"]
[Date "2009.10.08"]
[Round "1.1"]
[White "Buehler, Florian"]
[Black "Strohhaeker, Ralph"]
[Result "0-1"]
[WhiteElo "2018"]
[BlackElo "2073"]
[PlyCount "68"]
[EventDate "2009.10.08"]

1. d4 d5 2. c4 e6 3. Nc3 c5 4. e3 Nf6 5. Nf3 Nc6 6. Bd3 a6 7. O-O dxc4 8. Bxc4
b5 9. Bd3 Bb7 10. a4 b4 11. Ne4 Nxe4 12. Bxe4 Qb6 13. Qe2 Be7 14. Rd1 O-O 15.
b3 Bf6 16. Bb2 cxd4 17. exd4 Na5 18. Bc2 Rac8 19. Rd2 Rfd8 20. Ne5 g6 21. Ng4
Bg7 22. Qe3 h5 23. Nh6+ Kf8 24. Qf4 Qc7 25. Qe3 Qd6 26. Rad1 Bd5 27. Re1 Qe7
28. Nxf7 Kxf7 29. Qg3 Qf6 30. Rde2 Rc6 31. Bc1 Rdc8 32. Bg5 Qxd4 33. Bd1 Qg4
34. Rxe6 Rxe6 0-1

[Event "Uni Karlsruhe 2 - Uni Augsburg 3"]
[Site "Augsburg"]
[Date "2009.10.08"]
[Round "1.2"]
[White "Fucik, Timo"]
[Black "Luhn, Robert"]
[Result "0-1"]
[WhiteElo "2093"]
[BlackElo "2055"]
[PlyCount "80"]
[EventDate "2009.10.08"]

1. d4 d5 2. c4 c6 3. Nc3 Nf6 4. Nf3 e6 5. e3 Nbd7 6. Qc2 Bd6 7. g4 dxc4 8. Bxc4
b5 9. Bd3 Bb7 10. g5 Nd5 11. Nxd5 exd5 12. Bxh7 Rc8 13. Qf5 Qe7 14. g6 f6 15.
h4 Qe4 16. Qh3 c5 17. h5 cxd4 18. O-O d3 19. Nd4 Rc4 20. f3 Qe5 21. Nf5 Bf8 22.
h6 gxh6 23. g7 Bxg7 24. Nxg7+ Kd8 25. f4 Qe7 26. Ne6+ Kc8 27. Bxd3 Rg8+ 28. Kf2
f5 29. Bxf5 d4 30. e4 Rc2+ 31. Kf3 Qb4 32. Rf2 Bxe4+ 33. Bxe4 Rc3+ 34. bxc3
Qxc3+ 35. Ke2 Qxh3 36. Nxd4 Re8 37. Kd1 Rxe4 38. Rc2+ Kb7 39. Rd2 Qf1+ 40. Kc2
Qc4+ 0-1

[Event "Uni Karlsruhe 2 - Uni Augsburg 3"]
[Site "Augsburg"]
[Date "2009.10.08"]
[Round "1.3"]
[White "Giannino, Domenico"]
[Black "Augner, Bjoern"]
[Result "1/2-1/2"]
[WhiteElo "1959"]
[BlackElo "2007"]
[PlyCount "47"]
[EventDate "2009.10.08"]

1. e4 c6 2. d4 d5 3. Nc3 dxe4 4. Nxe4 Bf5 5. Ng3 Bg6 6. h4 h6 7. N1e2 Nf6 8.
Nf4 Bh7 9. Bc4 e6 10. Qe2 Nd5 11. Ngh5 Rg8 12. Bd2 Be7 13. O-O-O Nd7 14. Rde1
N7b6 15. Bd3 Bxd3 16. Qxd3 g6 17. c4 Nb4 18. Bxb4 Bxb4 19. Nxe6 fxe6 20. Rxe6+
Kd7 21. Rxg6 Be7 22. Qh3+ Kc7 23. Qg3+ Kd7 24. Qg4+ 1/2-1/2

[Event "Uni Karlsruhe 2 - Uni Augsburg 3"]
[Site "Augsburg"]
[Date "2009.10.08"]
[Round "1.4"]
[White "Konrad, Bernhard"]
[Black "Dauer, Christina"]
[Result "0-1"]
[WhiteElo "1710"]
[BlackElo "1887"]
[PlyCount "92"]
[EventDate "2009.10.08"]

1. e4 e6 2. d3 c5 3. g3 Nc6 4. Bg2 g6 5. Nc3 Bg7 6. Be3 d6 7. Qd2 Rb8 8. Nge2
b5 9. O-O Ne5 10. h3 Nf6 11. f4 Ned7 12. g4 b4 13. Nd1 a5 14. Ng3 Nb6 15. f5
exf5 16. g5 Nxe4 17. dxe4 Nc4 18. Qf2 Nxe3 19. Nxe3 Qxg5 20. exf5 Bd4 21. Rae1
O-O 22. Ne4 Qd8 23. c3 bxc3 24. bxc3 Be5 25. Ng4 Bxf5 26. Nh6+ Kh8 27. Nxf5
gxf5 28. Qxf5 Qh4 29. Nxc5 Qg3 30. Rxe5 dxe5 31. Qf6+ Kg8 32. Nd7 Rb2 33. Qf3
Qxf3 34. Rxf3 Rd8 35. Rg3+ Kh8 36. Bc6 Rxa2 37. Rg2 Rxg2+ 38. Kxg2 e4 39. Ne5
Rd2+ 40. Kf1 f5 41. Nc4 Rc2 42. Nxa5 Rxc3 43. Kg2 Rc5 44. Kg3 Rxa5 45. Kf4 Kg7
46. Bd7 Kf6 0-1

[Event "Uni Leipzig - Augusta Vindelicorum"]
[Site "Augsburg"]
[Date "2009.10.09"]
[Round "2.1"]
[White "Pitl, Gregory"]
[Black "Schoeneberg, Manfred"]
[Result "1-0"]
[WhiteElo "2405"]
[BlackElo "2298"]
[PlyCount "80"]
[EventDate "2009.10.08"]

1. d4 Nf6 2. c4 e6 3. g3 c5 4. d5 exd5 5. cxd5 d6 6. Nc3 Be7 7. Bg2 O-O 8. Nf3
Na6 9. O-O Nc7 10. a3 Bf5 11. Nd2 Qc8 12. b4 cxb4 13. axb4 Bh3 14. e4 Bxg2 15.
Kxg2 Nd7 16. Bb2 f5 17. Rc1 Qe8 18. Ne2 Rc8 19. Nd4 Bf6 20. Nxf5 Bxb2 21. Nxd6
Bxc1 22. Nxe8 Nxe8 23. Nb3 Bb2 24. f4 Bc3 25. e5 Bxb4 26. Nd4 Nc5 27. Qg4 Rd8
28. d6 Nxd6 29. exd6 Rxd6 30. f5 a5 31. Nf3 Nd7 32. Ng5 b5 33. Ne6 Rf7 34. Rc1
Nf8 35. Rc2 Rd5 36. Nd4 Rfd7 37. Nf3 Rf7 38. Ng5 Rfd7 39. f6 h5 40. Qf4 gxf6
1-0

[Event "Uni Leipzig - Augusta Vindelicorum"]
[Site "Augsburg"]
[Date "2009.10.09"]
[Round "2.2"]
[White "Schindler, Christian"]
[Black "Grimberg, Boris"]
[Result "0-1"]
[WhiteElo "2152"]
[BlackElo "2401"]
[PlyCount "129"]
[EventDate "2009.10.08"]

1. c4 c6 2. Nc3 d5 3. cxd5 cxd5 4. d4 Nc6 5. Nf3 Nf6 6. Bf4 a6 7. e3 Bg4 8. Be2
e6 9. h3 Bh5 10. O-O Bd6 11. Bxd6 Qxd6 12. Bd3 Bg6 13. Rc1 O-O 14. Bxg6 hxg6
15. Na4 Na5 16. Ne5 Nc4 17. Nd3 Rac8 18. b3 Na3 19. Qe2 Nb5 20. Rc2 Rxc2 21.
Qxc2 Qa3 22. Rc1 Ne4 23. Qb2 Qe7 24. Nac5 Nf6 25. Ne5 Rc8 26. Rc2 Qc7 27. a4
Nd6 28. Rc1 Qb6 29. Rc2 a5 30. Ncd7 Qd8 31. Nxf6+ gxf6 32. Nd3 b6 33. Qc1 Qd7
34. Rxc8+ Nxc8 35. Qc2 Ne7 36. b4 Nc6 37. b5 Nd8 38. g3 Nb7 39. Kg2 Nd6 40. Nb2
e5 41. dxe5 fxe5 42. g4 Kg7 43. Qc3 f6 44. f4 d4 45. Qc6 Qe6 46. Qxb6 Qd5+ 47.
Kh2 Nf7 48. exd4 Qa2 49. dxe5 Qxb2+ 50. Kh1 Qc1+ 51. Kg2 Qd2+ 52. Qf2 Qd5+ 53.
Qf3 Qa2+ 54. Qf2 Qxa4 55. exf6+ Kxf6 56. Qb2+ Ke7 57. b6 Qc6+ 58. Kg3 Nd6 59.
g5 a4 60. Qf6+ Kd7 61. b7 Nxb7 62. h4 Nd6 63. h5 Nf5+ 64. Kh3 Qh1+ 65. Kg4 0-1

[Event "Uni Leipzig - Augusta Vindelicorum"]
[Site "Augsburg"]
[Date "2009.10.09"]
[Round "2.3"]
[White "Billing, Christian"]
[Black "Beltz, Franziska"]
[Result "1-0"]
[WhiteElo "2226"]
[BlackElo "2148"]
[PlyCount "63"]
[EventDate "2009.10.08"]

1. e4 c5 2. d3 Nc6 3. g3 g6 4. Bg2 Bg7 5. c3 d6 6. Be3 e6 7. Qd2 Rb8 8. f4 Nge7
9. Ne2 O-O 10. O-O b5 11. d4 cxd4 12. cxd4 Na5 13. b3 b4 14. Qd1 Ba6 15. Nd2
Qb6 16. Nf3 Rbc8 17. Re1 Rc7 18. Rc1 Rfc8 19. Qd2 Bxe2 20. Rxc7 Qxc7 21. Rxe2
Qb7 22. Ne1 Rc3 23. Bf2 Nac6 24. d5 exd5 25. exd5 Nb8 26. Nd3 a5 27. Nb2 Qc7
28. Nc4 a4 29. Qd1 axb3 30. axb3 Nf5 31. Re8+ Bf8 32. g4 1-0

[Event "Uni Leipzig - Augusta Vindelicorum"]
[Site "Augsburg"]
[Date "2009.10.09"]
[Round "2.4"]
[White "Pruefer, Friedbert"]
[Black "Nuber, Korbinian"]
[Result "0-1"]
[WhiteElo "2073"]
[BlackElo "2185"]
[PlyCount "94"]
[EventDate "2009.10.08"]

1. d4 g6 2. e4 Bg7 3. Nc3 d6 4. f4 Nf6 5. Nf3 c5 6. dxc5 Qa5 7. Bd3 Qxc5 8. Qe2
O-O 9. Be3 Qb4 10. O-O Nc6 11. Rab1 Bg4 12. a3 Qa5 13. Qf2 Nd7 14. Nd2 f5 15.
Bc4+ Kh8 16. Be6 Nf6 17. h3 Nd8 18. Nb3 Qa6 19. Nd4 Bh5 20. exf5 gxf5 21. Bxf5
Bf7 22. Qh4 Bg8 23. Bd3 Bc4 24. Rbd1 Rg8 25. Nf5 Nc6 26. Rf3 Bxd3 27. Rxd3 Qa5
28. Nd4 Rac8 29. Nxc6 bxc6 30. b4 Qa6 31. Bd4 Rcf8 32. Rg3 Qxa3 33. b5 c5 34.
Ne2 Qa4 35. Bc3 Qxc2 36. Rge3 Qb1+ 37. Kh2 Qxb5 38. g4 Ne4 39. Bxg7+ Rxg7 40.
f5 c4 41. Ra3 Qc5 42. Nf4 Qe5 43. Rf3 Ng5 44. Rf2 c3 45. Ra4 c2 46. Rc4 Qe1 47.
Nd3 Nf3+ 0-1

[Event "Uni Karlsruhe 1 - TU Dresden"]
[Site "Augsburg"]
[Date "2009.10.09"]
[Round "2.1"]
[White "Loxine, Iakov"]
[Black "Strohhaeker, Raoul"]
[Result "1-0"]
[WhiteElo "2365"]
[BlackElo "2443"]
[PlyCount "99"]
[EventDate "2009.10.08"]

1. e4 c5 2. Nf3 e6 3. d3 d5 4. Nbd2 Nc6 5. g3 Nf6 6. Bg2 Be7 7. O-O O-O 8. e5
Nd7 9. Re1 b5 10. Nf1 a5 11. h4 a4 12. Bf4 b4 13. a3 bxa3 14. bxa3 Nd4 15. Ne3
Nxf3+ 16. Qxf3 Rb8 17. Rab1 Rxb1 18. Rxb1 Qa5 19. c4 d4 20. Nf1 Qc3 21. Qd1 Bd8
22. Be4 Qxa3 23. Ra1 Qb3 24. Qxb3 axb3 25. Nd2 b2 26. Rb1 Bc7 27. Nf3 Nb6 28.
Rxb2 Na4 29. Rb3 Nc3 30. Bc6 f6 31. Ra3 Ne2+ 32. Kg2 Nxf4+ 33. gxf4 Bb6 34. Ra8
Kf7 35. h5 Ke7 36. h6 gxh6 37. exf6+ Kxf6 38. Bd7 Rg8+ 39. Kh2 Bb7 40. Rxg8
Bxf3 41. Kg3 Bh5 42. Ra8 Bf7 43. Be8 Bg6 44. Bxg6 hxg6 45. Rc8 Ba7 46. Kg4 Bb6
47. Rc6 Ba7 48. Rc7 Bb6 49. Rc8 Ba7 50. Rc6 1-0

[Event "Uni Karlsruhe 1 - TU Dresden"]
[Site "Augsburg"]
[Date "2009.10.09"]
[Round "2.2"]
[White "Wehner, Roland"]
[Black "Zwahr, Paul"]
[Result "1/2-1/2"]
[WhiteElo "2243"]
[BlackElo "2275"]
[PlyCount "123"]
[EventDate "2009.10.08"]

1. e4 c5 2. Nf3 e6 3. d4 cxd4 4. Nxd4 Nc6 5. Nc3 Qc7 6. Be3 a6 7. Be2 Nf6 8.
O-O Bb4 9. Nxc6 bxc6 10. f4 d5 11. e5 Nd7 12. Na4 Qa5 13. c3 Be7 14. b4 Qc7 15.
Rb1 c5 16. bxc5 Nxc5 17. Nxc5 Bxc5 18. Bxc5 Qxc5+ 19. Qd4 Qxd4+ 20. cxd4 Ke7
21. Rfc1 Bd7 22. Kf2 Rhb8 23. Ke3 Kd8 24. f5 exf5 25. Bf3 Rxb1 26. Rxb1 Bc6 27.
Kf4 Kc7 28. Kxf5 Bd7+ 29. Kf4 Be6 30. Rc1+ Kb6 31. Rc5 Rd8 32. h4 Rd7 33. a4
Ka7 34. a5 Kb7 35. Be2 Rd8 36. Bf3 Rd7 37. Be2 Rd8 38. Rc2 Bc8 39. Bf3 Be6 40.
Be2 Bc8 41. Rb2+ Ka7 42. Rb6 Bb7 43. Rd6 Rxd6 44. exd6 Kb8 45. Ke5 Kc8 46. Bg4+
Kd8 47. d7 Ke7 48. d8=Q+ Kxd8 49. Kd6 Ba8 50. Be2 Bb7 51. Bg4 Ba8 52. Bf3 Bb7
53. Bh5 g6 54. Bf3 h5 55. Bxd5 Bxd5 56. Kxd5 Kd7 57. Kc5 Kc7 58. d5 f6 59. d6+
Kd7 60. Kd5 g5 61. hxg5 fxg5 62. Ke5 1/2-1/2

[Event "Uni Karlsruhe 1 - TU Dresden"]
[Site "Augsburg"]
[Date "2009.10.09"]
[Round "2.3"]
[White "Siedentopf, Daniel"]
[Black "Hauser, Carlos"]
[Result "0-1"]
[WhiteElo "2227"]
[BlackElo "2206"]
[PlyCount "82"]
[EventDate "2009.10.08"]

1. d4 Nf6 2. c4 c5 3. d5 b5 4. cxb5 a6 5. b6 d6 6. Nc3 g6 7. e4 Bg7 8. Nf3 Nbd7
9. Be2 O-O 10. O-O Nxb6 11. h3 e6 12. dxe6 fxe6 13. a4 a5 14. Be3 Kh8 15. e5
Nfd5 16. exd6 Nxe3 17. fxe3 Bb7 18. Qd2 Nd5 19. e4 Nf4 20. Rae1 Bh6 21. Qd1 Qb6
22. Bb5 Rad8 23. d7 Bc6 24. Ne5 Bxb5 25. Nxb5 Bg7 26. Nc4 Qc6 27. Nxa5 Qxd7 28.
Qxd7 Rxd7 29. Nc4 Rd3 30. Kh2 Kg8 31. Rf2 g5 32. a5 Ra8 33. Ra1 Rb3 34. Nbd6
Ra6 35. Ra3 Rb4 36. Rg3 h6 37. Rgf3 Ng6 38. Rf6 Nf4 39. R6xf4 gxf4 40. Rxf4
Rxd6 41. Nxd6 Be5 0-1

[Event "Uni Karlsruhe 1 - TU Dresden"]
[Site "Augsburg"]
[Date "2009.10.09"]
[Round "2.4"]
[White "Belica, Matej"]
[Black "Zimmermann, Rene"]
[Result "0-1"]
[WhiteElo "2095"]
[BlackElo "2044"]
[PlyCount "82"]
[EventDate "2009.10.08"]

1. e4 e6 2. d4 d5 3. e5 c5 4. c3 Nc6 5. Nf3 cxd4 6. cxd4 Qb6 7. Nc3 Bd7 8. Bd3
Nxd4 9. Nxd4 Qxd4 10. O-O a6 11. Kh1 Ne7 12. f4 Nc6 13. a3 g6 14. Rf3 Qb6 15.
Be3 Qc7 16. Bf2 Be7 17. Rc1 O-O 18. f5 Qxe5 19. f6 Bxf6 20. Bg3 Qg5 21. Bf4 Qh5
22. Qd2 Bxc3 23. Rxc3 e5 24. Bh6 e4 25. Bxf8 Rxf8 26. Rf6 exd3 27. Rxd3 Be6 28.
h3 Qe5 29. Rf2 d4 30. b4 Bd5 31. a4 Re8 32. b5 axb5 33. axb5 Bc4 34. Rdf3 Qe1+
35. Qxe1 Rxe1+ 36. Kh2 Ne5 37. Rf4 Nd3 38. Rf1 Rxf1 39. Rxf1 Bxb5 40. Rb1 Bc6
41. Kg1 Be4 0-1